000 01315nam a2200217 a 4500
001 57955
005 20180714054349.0
008 140415s1989 mx 000 0 spa d
020 _a96816332611
041 _aspa
082 _a325.73
_bBUS
245 0 0 _aRETOS DE LAS RELACIONES ENTRE MEXICO Y ESTADOS UNIDOS :
_bFLUJOS MIGRATORIOS MEXICANOS HACIA ESTADOS UNIDOS
250 _a1a ed.
260 _aMEXICO :
_bFONDO DE CULTURA ECONOMICA,
_c1989
300 _a100
_c15.4 x 1.1 x 22.9
490 _aCOLECCION CLAVES FONDO DE CULTURA ECONOMICA
500 _aBUSTAMANTE, JORGE A. Y CORNELIUS, WAYNE A., SON COORDINADORE
520 _aESTE VOLUMEN REUNE UN CONJUNTO SELECCIONADO DE TRABAJOS DE APOYO ESCRITOS ORIGINALMENTE PARA LA COMISION SOBRE EL FUTURO DE LAS RELACIONES MEXICO-ESTADOS UNIDOS. PARA COMPRENDER EL ANCANCE DE DICHA RELACION, LA COMISION FUE CONSTITUIDA EN 1986 COMO UN GRUPO INDEPENDIENTE DE DESTACADOS CIUDADANOS COMPROMETIDOS CON LA BUSQUEDA DE VIAS PARA MEJORAR LAS RELACIONES ENTRE LOS DOS PAISES. DE ESTA MANERA , SE ACORDO PRODUCIR UN INFORME , A LA MANERA DE UN LIBRO, QUE DEBERIA PONERSE A LA CON
650 1 4 _aRELACIONES INTERNACIONALES
_xMEXICO
_xESTADOS UNIDOS DE AMERI
_xMIGRACION
_xMEXICO
_xESTADOS UNIDOS
700 1 _aBUSTAMANTE, JORGE A. -CORNELIUS, WAYNE A.
_ecoaut.
999 _c57955
_d57955